[Event "OGOLNOPOLSKA OLIMPIADA MLODZIEZY<br/>MISTRZOSTWA POLSKI JUNIOROW 2016 - D14"]
[Site "Olecko"]
[Date "2016-05-08"]
[Round "6.8"]
[White "Waszczuk, Patrycja"]
[Black "Budkiewicz, Magdalena"]
[Result "1-0"]
[WhiteTitle "k"]
[BlackTitle "I"]
[WhiteElo "1770"]
[BlackElo "1495"]

1. e4 e5 2. Nf3 Nf6 3. Nxe5 d6 4. Nf3 Nxe4 5. d4 h6 6. Bd3 Nf6 7. O-O Be7 8. c4
O-O 9. Qc2 Nc6 10. a3 Bg4 11. Nbd2 Re8 12. h3 Bd7 13. b4 d5 14. c5 a6 15. Nb3
Bf8 16. Bf4 b6 17. Rfe1 Rxe1+ 18. Rxe1 bxc5 19. Nxc5 Bxc5 20. Qxc5 Nh5 21. Bh2
Nf6 22. Ne5 Nxe5 23. dxe5 Ne8 24. Qxd5 Bb5 25. Be4 Qxd5 26. Bxd5 Rd8 27. Rd1 Kf8
28. Bb3 Rxd1+ 29. Bxd1 Bc4 30. f4 g6 31. Kf2 Ng7 32. Be2 Bxe2 33. Kxe2 Ke7 34.
Kd3 Kd7 35. g4 Ke6 36. Kc4 Kd7 37. Kd5 h5 38. a4 hxg4 39. hxg4 Ne6 40. f5 gxf5
41. gxf5 Ng7 42. Ke4 Kc6 43. e6 fxe6 44. f6 Ne8 45. f7 Nf6+ 46. Ke5 Nd7+ 47. Kxe6
Nf8+ 48. Ke7 Ng6+ 49. Ke8 Kb6 50. Bg1+ Kb7 51. f8=Q Nxf8 52. Kxf8 c6 53. a5 Kc8
54. Ke7 Kc7 55. Bb6+ Kc8 56. Kd6 Kb7 57. Kd7 1-0

[Event "OGOLNOPOLSKA OLIMPIADA MLODZIEZY<br/>MISTRZOSTWA POLSKI JUNIOROW 2016 - D14"]
[Site "Olecko"]
[Date "2016-05-08"]
[Round "6.9"]
[White "Nowicka, Julia"]
[Black "Czarniecka, Aleksandra"]
[Result "1/2-1/2"]
[WhiteTitle "I"]
[BlackTitle "I"]
[WhiteElo "1281"]
[BlackElo "1624"]

1. e4 c5 2. Nf3 d6 3. d4 cxd4 4. Nxd4 Nf6 5. Nc3 a6 6. f3 e6 7. Be3 b5 8. Qd2 Nbd7
9. O-O-O Nb6 10. g4 Nfd7 11. h4 Ne5 12. Qf2 Nbc4 13. Bxc4 Nxc4 14. g5 Bb7 15.
h5 b4 16. Nce2 Qa5 17. Kb1 d5 18. g6 O-O-O 19. gxf7 Rd6 20. e5 Nxe3 21. Qxe3 Rb6
22. Nb3 Qb5 23. Ned4 Qd7 24. Qf4 Bc6 25. h6 Rb7 26. Nxc6 Qxf7 27. Qxf7 Rxf7 28.
hxg7 Bxg7 29. Nbd4 Kd7 30. Nxb4 Bxe5 31. Nbc6 Bxd4 32. Nxd4 e5 33. Nb3 Kc6 34.
Rdf1 Rhf8 35. Nd2 Kc5 36. c3 d4 37. cxd4+ Kxd4 38. Rd1 Kc5 39. Rhe1 Re7 40. b3
h5 41. Nc4 Rf5 42. Rh1 Re6 43. Rh4 Kc6 44. Rdh1 Rh6 45. Re4 Re6 46. Rhe1 Kb7 47.
Rxe5 Rexe5 48. Rxe5 Rxf3 49. Rxh5 Rf2 50. Rh6 Rg2 51. Na5+ Ka7 52. Nc6+ Kb7 53.
Nb4 a5 54. Nc2 Rg5 55. Ne3 Ka7 56. Nc4 Kb7 57. Kb2 a4 58. bxa4 Rg3 59. a5 Ka7
60. a6 Rf3 61. Rd6 Rh3 62. Ne5 Rg3 63. Nd3 Rg4 64. Kb3 Rh4 65. a4 Rh1 66. a5 Rb1+
67. Kc4 Ra1 68. Nb4 Rb1 69. Rd7+ Ka8 70. a7 Rh1 71. Kb5 Rh5+ 72. Ka4 Rh4 73. Kb3
Rh3+ 74. Kc4 Rh4+ 75. Kc5 Rc4+ 76. Kb6 Rxb4+ 77. Ka6 Rb6+ 78. axb6 1/2-1/2

[Event "OGOLNOPOLSKA OLIMPIADA MLODZIEZY<br/>MISTRZOSTWA POLSKI JUNIOROW 2016 - D14"]
[Site "Olecko"]
[Date "2016-05-08"]
[Round "6.10"]
[White "Kulpa, Zuzanna"]
[Black "Tomczak, Marta"]
[Result "1-0"]
[WhiteTitle "I+"]
[BlackTitle "I"]
[WhiteElo "1654"]
[BlackElo "1482"]

1. d4 d5 2. c4 e6 3. Nf3 Nf6 4. Nc3 Be7 5. Bf4 c6 6. e3 O-O 7. Bd3 Re8 8. h3 Nbd7
9. O-O b6 10. cxd5 exd5 11. Ne5 Nxe5 12. Bxe5 Nd7 13. Bg3 Nf8 14. Rc1 Bd7 15.
Ne2 b5 16. Bb1 Ne6 17. Kh1 g6 18. Ng1 Ng7 19. Nf3 Rc8 20. Ne5 Bf6 21. Qf3 Re6
22. Bd3 Be8 23. Rc2 a6 24. Rfc1 Be7 25. Be2 Nh5 26. Bh2 f6 27. Nd3 f5 28. Nc5
Bxc5 29. Rxc5 Nf6 30. Bd3 Qa5 31. Bb1 Ne4 32. R5c2 Nd2 33. Qd1 Nxb1 34. Rxb1 Qxa2
35. Ra1 Qb3 36. Qd2 b4 37. Rxa6 Rd8 38. Rc1 Re7 39. Rb6 Ra8 40. Rxb4 Qa2 41. Qc3
Qa6 42. Rb3 Qc8 43. Qc5 Re6 44. Ra3 Rxa3 45. bxa3 Qa6 46. Be5 Bd7 47. Rb1 Be8
48. Rb6 Qa8 49. Qb4 Qd8 50. Rb7 Bd7 51. Rb8 Bc8 52. Qc5 Re8 53. Qa7 Qd7 54. Qb6
Qf7 55. a4 Bd7 56. Rb7 Qe6 57. a5 Re7 58. Qd8+ Re8 59. Qxd7 1-0

[Event "OGOLNOPOLSKA OLIMPIADA MLODZIEZY<br/>MISTRZOSTWA POLSKI JUNIOROW 2016 - D14"]
[Site "Olecko"]
[Date "2016-05-08"]
[Round "6.11"]
[White "Skiba, Aleksandra"]
[Black "Sivickis, Wiktoria"]
[Result "1-0"]
[WhiteTitle "I"]
[BlackTitle "I"]
[WhiteElo "1596"]
[BlackElo "1459"]

1. d4 Nf6 2. c4 c5 3. d5 b5 4. cxb5 a6 5. b6 Qxb6 6. Nc3 d6 7. e4 g6 8. Nf3 Bg7
9. Be2 O-O 10. O-O Nbd7 11. Qc2 Rb8 12. Rb1 Qa7 13. Bg5 Re8 14. Rfe1 h6 15. Bf4
Nh5 16. Be3 Qc7 17. Nd2 Nhf6 18. Nc4 Nb6 19. Nxb6 Rxb6 20. Qd2 Kh7 21. f4 Ng8
22. Bd3 Bd7 23. Kh1 Reb8 24. h4 Qc8 25. Qc2 Bf6 26. h5 Be8 27. Qe2 Bxc3 28. bxc3
Rxb1 29. Rxb1 Rxb1+ 30. Bxb1 Nf6 31. hxg6+ fxg6 32. Bd3 a5 33. c4 Qg4 34. Qxg4
Nxg4 35. Bg1 Kg7 36. g3 Bd7 37. Kg2 h5 38. Be2 Kf8 39. e5 Nh6 40. e6 Ba4 41. Bd3
Kg7 42. Be3 Be8 43. Bd2 a4 44. Kf3 Nf5 45. Bc3+ Kh6 46. Be1 Nd4+ 47. Ke3 g5 48.
Bc3 gxf4+ 49. gxf4 Bg6 50. Bxd4 cxd4+ 51. Kxd4 Bxd3 52. Kxd3 Kg6 53. Ke4 a3 54.
c5 dxc5 55. Ke5 h4 56. d6 exd6+ 57. Kxd6 Kf5 58. e7 Kxf4 59. e8=Q h3 60. Qe5+
Kf3 61. Qh2 1-0

[Event "OGOLNOPOLSKA OLIMPIADA MLODZIEZY<br/>MISTRZOSTWA POLSKI JUNIOROW 2016 - D14"]
[Site "Olecko"]
[Date "2016-05-08"]
[Round "6.12"]
[White "Pyzio, Amelia"]
[Black "Koruch, Maria"]
[Result "1/2-1/2"]
[WhiteTitle "I"]
[BlackTitle "I"]
[WhiteElo "1564"]
[BlackElo "1362"]

1. e4 c5 2. Nf3 Nc6 3. d4 cxd4 4. Nxd4 Nf6 5. Nc3 e5 6. Ndb5 d6 7. Bg5 a6 8. Na3
b5 9. Bxf6 gxf6 10. Nd5 f5 11. Bd3 Be6 12. O-O f4 13. Qh5 h6 14. c3 Rg8 15. h3
Rg5 16. Qf3 Rb8 17. Nc2 Qc8 18. Kh2 Be7 19. Rfd1 Kd7 20. Be2 Qg8 21. Rd2 f5 22.
Bf1 fxe4 23. Qxe4 Bf5 24. Nxe7 Bxe4 25. Nxg8 Rbxg8 26. f3 Bf5 27. Rad1 R5g6 28.
Ne1 Na5 29. Nc2 Nc4 30. Bxc4 bxc4 31. Nb4 a5 32. Nd5 Bd3 33. b3 Rb8 34. bxc4 Bxc4
35. Kg1 Rb5 36. Kf2 Re6 37. a4 Rb3 38. g3 fxg3+ 39. Kxg3 Rg6+ 40. Kf2 Ba6 41.
Ra1 Bc4 42. Re1 Ke6 43. Nf4+ 1/2-1/2

[Event "OGOLNOPOLSKA OLIMPIADA MLODZIEZY<br/>MISTRZOSTWA POLSKI JUNIOROW 2016 - D14"]
[Site "Olecko"]
[Date "2016-05-08"]
[Round "6.13"]
[White "Tuznik, Martyna"]
[Black "Bilczewska, Olga"]
[Result "0-1"]
[WhiteTitle "II"]
[BlackTitle "I"]
[WhiteElo "1047"]
[BlackElo "1558"]

1. e4 c5 2. Nf3 e6 3. d4 cxd4 4. Nxd4 Nf6 5. Nc3 Nc6 6. Nb3 Bb4 7. Bd2 O-O 8. Bb5
Bxc3 9. Bxc3 Nxe4 10. Qf3 Nxc3 11. Qxc3 Qg5 12. Bxc6 dxc6 13. O-O Rb8 14. Rad1
b6 15. Rd3 c5 16. Rfd1 Qe7 17. Qe5 Ba6 18. Rd7 Rbd8 19. Qc7 Rxd7 20. Rxd7 Qf6
21. c3 Qf5 22. h3 Qb1+ 23. Kh2 Qxa2 24. Qxa7 Qxb3 25. Qxa6 Qxb2 26. c4 Qxf2 27.
Qxb6 Qf4+ 28. Kh1 Qxc4 29. Rd8 g6 30. Rxf8+ Kxf8 31. Qd8+ Kg7 32. Qg5 Qd5 33.
Qc1 Qd4 34. Qg1 Qxg1+ 35. Kxg1 Kf6 36. Kf2 Kf5 37. Ke3 h5 38. g3 c4 39. Kd4 c3
40. Kxc3 Ke4 41. g4 hxg4 42. hxg4 f5 43. gxf5 exf5 0-1

[Event "OGOLNOPOLSKA OLIMPIADA MLODZIEZY<br/>MISTRZOSTWA POLSKI JUNIOROW 2016 - D14"]
[Site "Olecko"]
[Date "2016-05-08"]
[Round "6.14"]
[White "Hryn, Aleksandra"]
[Black "Orlik, Sandra"]
[Result "1-0"]
[WhiteTitle "I"]
[BlackTitle "I"]
[WhiteElo "1517"]
[BlackElo "1451"]

1. f4 d5 2. Nf3 Nf6 3. e3 b6 4. Be2 Bb7 5. O-O e6 6. b3 Nbd7 7. Bb2 Bd6 8. Qe1
c5 9. d4 Rg8 10. Nbd2 Ng4 11. Bd3 f5 12. h3 Ngf6 13. Be2 h6 14. Ne5 Bxe5 15. dxe5
Ne4 16. Nxe4 dxe4 17. Rd1 Qe7 18. Bb5 O-O-O 19. a4 a6 20. Bxd7+ Rxd7 21. Rf2 Rxd1
22. Qxd1 Rd8 23. Rd2 Rxd2 24. Qxd2 Kc7 25. Kh2 Qd7 26. Qxd7+ Kxd7 27. g4 g6 28.
Kg3 Ke7 29. Kh4 Kf7 30. Bc3 Bc6 31. Kg3 a5 32. Be1 Bd5 33. c4 Bc6 34. Kg2 Ke8
35. Bh4 h5 36. gxh5 gxh5 37. Kg3 Kd7 38. Bf6 Kc7 39. Kh4 Be8 40. Kg5 Kc8 41. h4
Kd7 42. Kh6 Bf7 43. Kg7 Be8 44. Kf8 Bg6 45. Be7 Be8 46. Bd6 Bg6 47. Kg7 Be8 48.
Kf6 Kd8 49. Kxe6 Bd7+ 50. Kf6 Bc8 51. Kg6 Be6 52. Kxh5 Kd7 53. Kg5 Ke8 54. Bc7
b5 55. axb5 Bxc4 56. bxc4 a4 57. Ba5 1-0

[Event "OGOLNOPOLSKA OLIMPIADA MLODZIEZY<br/>MISTRZOSTWA POLSKI JUNIOROW 2016 - D14"]
[Site "Olecko"]
[Date "2016-05-08"]
[Round "6.15"]
[White "Wasala, Wiktoria"]
[Black "Tarka, Aleksandra"]
[Result "0-1"]
[WhiteTitle "I"]
[BlackTitle "I"]
[WhiteElo "1448"]
[BlackElo "1472"]

1. e4 c5 2. Nf3 d6 3. c3 Nf6 4. Bc4 Nc6 5. Qe2 Bg4 6. h3 Bh5 7. d3 a6 8. Bb3 e6
9. Be3 Ne5 10. Nbd2 Be7 11. g4 Nxf3+ 12. Nxf3 Bg6 13. Kd2 d5 14. e5 Nd7 15. h4
h5 16. gxh5 Bxh5 17. Bg5 Bxf3 18. Bxe7 Bxe2 19. Bxd8 Rxd8 20. Kxe2 Nxe5 21. h5
Ke7 22. Rag1 Kf6 23. f4 Nc6 24. Rg5 Rh6 25. Bd1 g6 26. Kf2 Rdh8 27. Kg3 Ne7 28.
Bg4 gxh5 29. Bxh5 Nf5+ 30. Kf3 Ng7 31. Kg4 Nxh5 32. Rhxh5 Rxh5 33. Rxh5 Rxh5 34.
Kxh5 Kf5 35. a3 Kxf4 36. b4 c4 37. d4 e5 38. dxe5 Kxe5 39. Kg4 f5+ 40. Kf3 f4
41. a4 Kf5 42. b5 axb5 43. axb5 b6 0-1

[Event "OGOLNOPOLSKA OLIMPIADA MLODZIEZY<br/>MISTRZOSTWA POLSKI JUNIOROW 2016 - D14"]
[Site "Olecko"]
[Date "2016-05-08"]
[Round "6.16"]
[White "Moscicka, Pola"]
[Black "Kubasik, Aleksandra"]
[Result "1-0"]
[WhiteTitle "k"]
[BlackTitle "II"]
[WhiteElo "1838"]
[BlackElo "1151"]

1. d4 d5 2. c4 c6 3. Nf3 e6 4. Nc3 f5 5. Bf4 Nf6 6. e3 Be7 7. Bd3 O-O 8. O-O Bd7
9. Rb1 Be8 10. b4 Bh5 11. b5 Ne4 12. Qc2 Bd6 13. Bxd6 Qxd6 14. c5 Qe7 15. Ne5
Rf6 16. Nxe4 fxe4 17. Be2 Bg6 18. Qa4 Be8 19. Qb3 Rh6 20. bxc6 bxc6 21. Qb7 Qxb7
22. Rxb7 Kf8 23. Rfb1 g5 24. Rxb8 Rxb8 25. Rxb8 a5 26. Nxc6 a4 27. Ne5 Ke7 28.
c6 Rf6 29. c7 Bd7 30. Nxd7 Kxd7 31. c8=Q+ Kd6 32. Qd8+ Kc6 33. Rb6# 1-0

[Event "OGOLNOPOLSKA OLIMPIADA MLODZIEZY<br/>MISTRZOSTWA POLSKI JUNIOROW 2016 - D14"]
[Site "Olecko"]
[Date "2016-05-08"]
[Round "6.17"]
[White "Rokoszna, Zuzanna"]
[Black "Mytych, Wiktoria"]
[Result "1-0"]
[WhiteTitle "II"]
[BlackTitle "I"]
[WhiteElo "1017"]
[BlackElo "1276"]

1. d4 d5 2. c4 e6 3. Nf3 Nf6 4. Nc3 Bb4 5. Bg5 Bxc3+ 6. bxc3 h6 7. Bh4 c6 8. cxd5
exd5 9. e3 Nbd7 10. Bd3 Qa5 11. Qb3 O-O 12. O-O Re8 13. Rfe1 Ne4 14. c4 Nb6 15.
Bg3 Nxg3 16. hxg3 Be6 17. c5 Nd7 18. Qxb7 Rec8 19. Qa6 Qc7 20. Rab1 Rab8 21. Rb3
Rxb3 22. axb3 Rb8 23. Rb1 Rb7 24. b4 Nb8 25. Qa4 Bd7 26. Ne5 Be8 27. e4 f6 28.
Nf3 Bg6 29. Qa2 Kh8 30. Qe2 dxe4 31. Bxe4 Bxe4 32. Qxe4 Na6 33. b5 Rxb5 34. Rxb5
cxb5 35. Qe8+ Kh7 36. Qxb5 Nb8 37. Nd2 Qd8 38. Nb3 Nd7 39. c6 Nb8 40. Qb7 Nxc6
41. Qxc6 Qb8 42. Nc5 Qb1+ 43. Kh2 Qd1 44. Qe4+ Kh8 45. f3 Qa1 46. Ne6 Qa5 47.
Qg6 1-0

[Event "OGOLNOPOLSKA OLIMPIADA MLODZIEZY<br/>MISTRZOSTWA POLSKI JUNIOROW 2016 - D14"]
[Site "Olecko"]
[Date "2016-05-08"]
[Round "6.18"]
[White "Filipska, Maja"]
[Black "Roszkiewicz, Anna"]
[Result "0-1"]
[WhiteTitle "I"]
[BlackTitle "I"]
[WhiteElo "1479"]
[BlackElo "1443"]

1. e4 c5 2. Nf3 d6 3. d4 cxd4 4. Nxd4 Nf6 5. Nc3 a6 6. Bg5 e6 7. Qd2 Be7 8. O-O-O
Qc7 9. Bd3 Nbd7 10. f4 h6 11. Bxf6 Nxf6 12. Rhe1 b5 13. a3 Bb7 14. h3 Rc8 15.
e5 dxe5 16. fxe5 Nd7 17. Kb1 Nxe5 18. Nxe6 fxe6 19. Rxe5 Qxe5 20. Bg6+ Kf8 21.
Rf1+ Bf6 22. Qd7 Qc7 23. Qxe6 Qe7 24. Qf5 Rd8 25. Qf2 Qd6 26. Qe2 Qg3 27. Bh5
Qd6 28. Bg6 Qe7 29. Qf2 h5 30. g4 hxg4 31. h4 Bf3 32. h5 Rh6 33. Qg3 Qe5 34. Qf2
Rxh5 35. Bxh5 Qxh5 0-1

[Event "OGOLNOPOLSKA OLIMPIADA MLODZIEZY<br/>MISTRZOSTWA POLSKI JUNIOROW 2016 - D14"]
[Site "Olecko"]
[Date "2016-05-08"]
[Round "6.19"]
[White "Zaborowska, Maria"]
[Black "Sawa, Daria"]
[Result "0-1"]
[WhiteTitle "I"]
[BlackTitle "I"]
[WhiteElo "1250"]
[BlackElo "1111"]

1. c4 c5 2. Nc3 Nc6 3. g3 g6 4. Bg2 Bg7 5. Nf3 Nf6 6. O-O O-O 7. d3 d6 8. Rb1 b6
9. a3 Bb7 10. b4 cxb4 11. axb4 Qd7 12. Bd2 Nd8 13. Re1 d5 14. Qa4 Qxa4 15. Nxa4
dxc4 16. dxc4 Ne6 17. h3 Rfd8 18. Be3 Rac8 19. c5 Bc6 20. b5 Bxf3 21. Bxf3 bxc5
22. Rbc1 Nd7 23. Bc6 Bd4 24. Bd2 Nb6 25. Nxb6 axb6 26. Red1 Bf6 27. Be3 Nd4 28.
Bxd4 Bxd4 29. e3 Bf6 30. Kf1 Rxd1+ 31. Rxd1 c4 32. Ke2 c3 33. Rc1 Rd8 34. Rc2
e6 35. f4 Kf8 36. e4 Bd4 37. Kf3 h5 38. h4 e5 39. Bd5 Ke7 40. Ke2 f5 41. Kf3 Kf6
42. fxe5+ Kxe5 43. Bc6 Rf8 44. exf5 Rxf5+ 45. Kg2 Rf2+ 46. Rxf2 Bxf2 47. Kxf2
c2 0-1

[Event "OGOLNOPOLSKA OLIMPIADA MLODZIEZY<br/>MISTRZOSTWA POLSKI JUNIOROW 2016 - D14"]
[Site "Olecko"]
[Date "2016-05-08"]
[Round "6.20"]
[White "Bartkowska, Dorota"]
[Black "Choinska, Debora"]
[Result "1/2-1/2"]
[WhiteTitle "II"]
[BlackTitle "I"]
[WhiteElo "1090"]
[BlackElo "1244"]

1. e4 d6 2. d4 Nf6 3. Nc3 Nbd7 4. f4 e6 5. Bd3 c6 6. Nf3 Qc7 7. O-O e5 8. d5 Nc5
9. dxc6 bxc6 10. Bc4 h6 11. f5 Ncxe4 12. Nxe4 Nxe4 13. Nh4 Qb6+ 14. Kh1 Nf2+ 15.
Rxf2 Qxf2 16. Bxf7+ Kxf7 17. Qh5+ Kg8 18. Be3 Qxe3 19. Qe8 Qc5 20. f6 d5 21. fxg7
Bg4 22. gxh8=Q+ Kxh8 23. Qxa8 Kg7 24. Rf1 e4 25. Qb7+ Qe7 26. Nf5+ Bxf5 27. Qxe7+
Bxe7 28. Rxf5 e3 29. Kg1 Bc5 30. Kf1 Bb6 31. c3 Kg6 32. Rf3 a5 33. Ke2 d4 34.
cxd4 Bxd4 35. Rxe3 Bxe3 36. Kxe3 Kf5 37. b3 Ke5 38. g4 c5 39. h4 Kf6 40. Ke4 Kg6
41. Ke5 Kf7 42. g5 hxg5 43. hxg5 Kg6 44. Kd5 Kxg5 45. Kxc5 Kf5 46. b4 axb4 47.
Kxb4 Ke6 48. a4 Kd6 49. Kb5 Kc7 50. a5 Kb7 51. a6+ Ka7 52. Ka5 Ka8 53. Kb6 Kb8
54. Kc6 Ka7 1/2-1/2

[Event "OGOLNOPOLSKA OLIMPIADA MLODZIEZY<br/>MISTRZOSTWA POLSKI JUNIOROW 2016 - D14"]
[Site "Olecko"]
[Date "2016-05-08"]
[Round "6.21"]
[White "Jedras, Adrianna"]
[Black "Laszczuk, Zuzanna"]
[Result "1-0"]
[WhiteTitle "I"]
[BlackTitle "II"]
[WhiteElo "1261"]
[BlackElo "1062"]

1. e4 e5 2. Nf3 Nc6 3. d4 exd4 4. Nxd4 Bc5 5. Be3 Qf6 6. c3 Nge7 7. Bc4 Ne5 8.
Be2 Qg6 9. Bf3 d6 10. Nb5 Bxe3 11. fxe3 Kd8 12. O-O b6 13. Nd4 Nc4 14. Qe2 Ne5
15. Nd2 c5 16. Nf5 Nxf5 17. exf5 Bxf5 18. Bxa8 Bd3 19. Qf2 Bxf1 20. Rxf1 f6 21.
Be4 Qh6 22. Qf4 g5 23. Qxf6+ Qxf6 24. Rxf6 Ke7 25. Rh6 Ng4 26. Rxh7+ Rxh7 27.
Bxh7 Nxe3 28. Bd3 d5 29. b3 Kf6 30. c4 d4 31. Nf1 Nxf1 32. Kxf1 Ke5 33. g3 Kf6
34. Kf2 Ke5 35. Kf3 Ke6 36. Kg4 Kf6 37. Bb1 a6 38. h4 gxh4 39. Kxh4 Kg7 40. g4
a5 41. Kh5 Kg8 42. g5 Kg7 43. a4 Kg8 44. Kg6 Kh8 45. Kf6 Kg8 46. g6 Kf8 47. g7+
Kg8 48. Be4 d3 49. Bd5+ Kh7 50. g8=Q+ Kh6 51. Qg6# 1-0

[Event "OGOLNOPOLSKA OLIMPIADA MLODZIEZY<br/>MISTRZOSTWA POLSKI JUNIOROW 2016 - D14"]
[Site "Olecko"]
[Date "2016-05-08"]
[Round "7.1"]
[White "Swiech, Joanna"]
[Black "Kucharska, Honorata"]
[Result "0-1"]
[WhiteTitle "I++"]
[BlackTitle "k"]
[WhiteElo "1939"]
[BlackElo "1857"]

1. d4 Nf6 2. c4 d6 3. Nc3 Nbd7 4. e4 e5 5. d5 Nc5 6. Bd3 a5 7. Nge2 Be7 8. O-O
O-O 9. Bc2 Ne8 10. Be3 b6 11. a3 f5 12. f3 f4 13. Bf2 Bh4 14. b4 Bxf2+ 15. Rxf2
Nd7 16. Ba4 g5 17. Bc6 Rb8 18. Nb5 g4 19. Qe1 Qg5 20. Rf1 gxf3 21. Rxf3 Ndf6 22.
Nec3 Bg4 23. Rf2 Rf7 24. Kh1 Nh5 25. Bxe8 Rxe8 26. Rc2 f3 27. g3 f2 28. Rxf2 Bf3+
29. Rxf3 Rxf3 30. Ne2 Ref8 31. Nxc7 Rf2 0-1

[Event "OGOLNOPOLSKA OLIMPIADA MLODZIEZY<br/>MISTRZOSTWA POLSKI JUNIOROW 2016 - D14"]
[Site "Olecko"]
[Date "2016-05-08"]
[Round "7.2"]
[White "Jarocka, Liwia"]
[Black "Kalinowska, Zuzanna"]
[Result "1/2-1/2"]
[WhiteTitle "I+"]
[BlackTitle "k"]
[WhiteElo "1667"]
[BlackElo "1901"]

1. e4 c5 2. Nf3 e6 3. d4 cxd4 4. Nxd4 a6 5. Bd3 Nf6 6. O-O d6 7. c4 Be7 8. f4 O-O
9. Qe2 Nc6 10. Be3 Nb4 11. Nc3 Nxd3 12. Qxd3 Ng4 13. Bd2 Qb6 14. Na4 Qa7 15. Ba5
Bd8 16. Bxd8 Rxd8 17. h3 Ne5 18. fxe5 dxe5 19. Qf3 f6 20. c5 exd4 21. Nb6 Rb8
22. Qg4 e5 23. Nxc8 Rbxc8 24. Rxf6 Qxc5 25. Raf1 d3+ 26. Kh1 Rc7 27. Qe6+ Kh8
28. Qxe5 Rg8 29. Qxc5 Rxc5 30. Rd6 Rc2 31. Rxd3 Rxb2 32. Rd7 b5 33. e5 Re2 34.
Rd6 Rxe5 35. Rxa6 h6 36. Ra5 Rd8 37. a4 Rdd5 38. Rxb5 Rxb5 39. axb5 Rxb5 40. Rf2
Rb1+ 41. Kh2 Kh7 42. Re2 Rb3 1/2-1/2

[Event "OGOLNOPOLSKA OLIMPIADA MLODZIEZY<br/>MISTRZOSTWA POLSKI JUNIOROW 2016 - D14"]
[Site "Olecko"]
[Date "2016-05-08"]
[Round "7.3"]
[White "Rudzinska, Michalina"]
[Black "Hryn, Zofia"]
[Result "1-0"]
[WhiteTitle "I"]
[BlackTitle "I"]
[WhiteElo "1738"]
[BlackElo "1531"]

1. e4 c5 2. Nf3 d6 3. d4 cxd4 4. Nxd4 Nf6 5. Nc3 a6 6. Bd3 Nc6 7. Nb3 e5 8. O-O
Be7 9. f4 O-O 10. Qf3 exf4 11. Bxf4 Ne5 12. Qe2 Bg4 13. Qf2 Nxd3 14. cxd3 Nh5
15. Be3 Bh4 16. g3 Bf6 17. Nd5 Bxb2 18. Qxb2 Bh3 19. Rf2 Rb8 20. Qe2 g6 21. Bh6
Re8 22. g4 Ng7 23. Nf6+ 1-0

[Event "OGOLNOPOLSKA OLIMPIADA MLODZIEZY<br/>MISTRZOSTWA POLSKI JUNIOROW 2016 - D14"]
[Site "Olecko"]
[Date "2016-05-08"]
[Round "7.4"]
[White "Harazinska, Magdalena"]
[Black "Michalska, Aleksandra"]
[Result "1/2-1/2"]
[WhiteTitle "I++"]
[BlackTitle "I"]
[WhiteElo "1805"]
[BlackElo "1560"]

1. e4 e5 2. Nf3 Nc6 3. Bb5 g6 4. O-O Bg7 5. c3 Nge7 6. d4 exd4 7. cxd4 d5 8. exd5
Nxd5 9. Ne5 Qd6 10. Qa4 O-O 11. Nxc6 bxc6 12. Bxc6 Nb6 13. Qc2 Rb8 14. Be3 Ba6
15. Re1 Nc4 16. Qa4 Rb6 17. Bf3 Nxb2 18. Qa3 Nc4 19. Qxd6 Rxd6 20. Nc3 f5 21.
Bd5+ Kh8 22. Bf4 Rd7 23. Be5 Nxe5 24. dxe5 Re7 25. f4 g5 26. Bb3 c6 27. g3 gxf4
28. gxf4 Bh6 29. Ne2 Bxe2 30. Rxe2 Bxf4 31. e6 Bc7 32. Kg2 f4 33. Kf3 Rd8 34.
Rd1 Rxd1 35. Bxd1 Kg7 36. Bb3 c5 37. Rc2 Bd6 38. Rd2 Bc7 39. Rc2 Bd6 40. Rd2 Bc7
41. Ke4 1/2-1/2

[Event "OGOLNOPOLSKA OLIMPIADA MLODZIEZY<br/>MISTRZOSTWA POLSKI JUNIOROW 2016 - D14"]
[Site "Olecko"]
[Date "2016-05-08"]
[Round "7.5"]
[White "Wolagiewicz, Kinga"]
[Black "Waszczuk, Patrycja"]
[Result "0-1"]
[WhiteTitle "I"]
[BlackTitle "k"]
[WhiteElo "1397"]
[BlackElo "1770"]

1. e4 c5 2. Nf3 a6 3. a4 e6 4. d4 cxd4 5. Nxd4 Nf6 6. Bd3 e5 7. Nb3 Nc6 8. O-O
Be7 9. Nc3 d6 10. Kh1 Be6 11. f4 exf4 12. Bxf4 Ne5 13. Bxe5 dxe5 14. Qf3 O-O 15.
Qg3 Qc7 16. Nd2 Nh5 17. Qf3 Nf4 18. Nd5 Bxd5 19. exd5 f5 20. Bc4 Kh8 21. Rae1
Bd6 22. Bb3 e4 23. Qe3 Ng6 24. h3 Rae8 25. Nc4 Bg3 26. Rd1 f4 27. Qb6 Qd7 28.
Nd6 Rf6 29. Qxb7 Qxd6 30. Qa7 f3 31. c4 fxg2+ 32. Kxg2 Nh4+ 33. Kh1 Ref8 34. Rxf6
Qxf6 35. Qg1 Qf3+ 0-1

[Event "OGOLNOPOLSKA OLIMPIADA MLODZIEZY<br/>MISTRZOSTWA POLSKI JUNIOROW 2016 - D14"]
[Site "Olecko"]
[Date "2016-05-08"]
[Round "7.6"]
[White "Malicka, Maria"]
[Black "Kulpa, Zuzanna"]
[Result "0-1"]
[WhiteTitle "I++"]
[BlackTitle "I+"]
[WhiteElo "1715"]
[BlackElo "1654"]

1. Nf3 Nf6 2. c4 c5 3. Nc3 Nc6 4. g3 d5 5. cxd5 Nxd5 6. Bg2 Nc7 7. O-O e5 8. d3
Be7 9. Be3 O-O 10. Na4 b6 11. Rc1 Nd5 12. Bd2 Be6 13. Nc3 Qd7 14. a3 f6 15. Nxd5
Bxd5 16. Bc3 Rac8 17. Nd2 Be6 18. Nc4 Rfd8 19. Re1 Nd4 20. Bxd4 cxd4 21. Qd2 Rc7
22. b4 Rdc8 23. Qb2 Qb5 24. Qd2 Qd7 25. Qb2 Kf8 26. Nd2 Rc3 27. Nb1 R3c7 28. Rxc7
Qxc7 29. b5 Bd7 30. Bd5 Qc2 31. Qxc2 Rxc2 32. a4 Bb4 33. Rd1 Ke7 34. e3 dxe3 35.
fxe3 Bc5 36. d4 exd4 37. exd4 Bxd4+ 38. Rxd4 Rc1+ 39. Kf2 Rxb1 40. Ke3 Re1+ 41.
Kf4 g5+ 42. Kf3 h5 43. h4 Re5 44. Bc6 Bg4+ 45. Kf2 Re2+ 46. Kf1 Re3 47. Kf2 Re5
48. Rd2 Rc5 49. Rd4 gxh4 50. gxh4 Rc3 51. Bg2 Ke6 52. Rd8 Ra3 53. Rd4 Ra1 54.
Kg3 Bd1 55. Bh3+ Ke5 56. Rd7 Ra3+ 57. Kh2 Rxh3+ 58. Kxh3 Bg4+ 0-1

[Event "OGOLNOPOLSKA OLIMPIADA MLODZIEZY<br/>MISTRZOSTWA POLSKI JUNIOROW 2016 - D14"]
[Site "Olecko"]
[Date "2016-05-08"]
[Round "7.7"]
[White "Bilczewska, Olga"]
[Black "Furtak, Joanna"]
[Result "1/2-1/2"]
[WhiteTitle "I"]
[BlackTitle "I+"]
[WhiteElo "1558"]
[BlackElo "1701"]

1. e4 e5 2. Nf3 Nc6 3. Bc4 Nf6 4. d3 Bc5 5. c3 d6 6. Bb3 O-O 7. Bg5 h6 8. Bh4 Bg4
9. Nbd2 Re8 10. h3 Be6 11. g4 g5 12. Bg3 Kg7 13. Qe2 Qd7 14. O-O-O Rg8 15. Bxe6
fxe6 16. Nh2 Rae8 17. h4 Kf7 18. hxg5 hxg5 19. Nhf3 Rg6 20. Nb3 Bb6 21. d4 exd4
22. Nfxd4 Nxd4 23. Nxd4 Bxd4 24. Rxd4 e5 25. Rdd1 Qa4 26. f3 Qxa2 27. Qb5 b6 28.
Qc6 Re7 29. Kc2 Qe6 30. Ra1 a5 31. Ra4 Qd7 32. Qc4+ Kg7 33. Qb3 Re8 34. Raa1 Rh8
35. Rxh8 Kxh8 36. Rd1 Qe7 37. Qa4 Rh6 38. Qa1 Rh3 39. Rh1 Qh7 40. Rxh3 Qxh3 41.
Qg1 Kg7 42. Qh2 Qxh2+ 43. Bxh2 Kf7 44. Kd3 Ke6 45. c4 c6 46. Bg1 Nd7 47. Be3 Kf6
48. Kc3 b5 49. cxb5 cxb5 50. Bf2 Nc5 51. b3 a4 52. bxa4 bxa4 53. Be3 a3 54. Kc2
a2 55. Kb2 Nd3+ 56. Kxa2 Ne1 57. Kb3 Nxf3 58. Kc4 Ke6 59. Bc1 Nh2 60. Bxg5 Nxg4
61. Bh4 Nf6 62. Kd3 Nxe4 63. Kxe4 d5+ 64. Ke3 Kf5 65. Bg3 e4 66. Kd4 Kg4 67. Bf2
Kf3 68. Be3 1/2-1/2

[Event "OGOLNOPOLSKA OLIMPIADA MLODZIEZY<br/>MISTRZOSTWA POLSKI JUNIOROW 2016 - D14"]
[Site "Olecko"]
[Date "2016-05-08"]
[Round "7.8"]
[White "Czarniecka, Aleksandra"]
[Black "Lascar, Maria Elena"]
[Result "1/2-1/2"]
[WhiteTitle "I"]
[BlackTitle "I+"]
[WhiteElo "1624"]
[BlackElo "1491"]

1. Nf3 c5 2. g3 d5 3. Bg2 e6 4. d3 Nc6 5. O-O Nf6 6. Nbd2 Be7 7. e4 dxe4 8. Nxe4
Nxe4 9. dxe4 O-O 10. Bf4 b5 11. c3 a5 12. Qc2 Qb6 13. e5 Bb7 14. Rfe1 b4 15. Bg5
a4 16. Bxe7 Nxe7 17. c4 h6 18. Red1 Nf5 19. Rd7 Bc6 20. Rd2 b3 21. Qc3 Rad8 22.
a3 Bxf3 23. Bxf3 Rxd2 24. Qxd2 Nd4 25. Be4 Rd8 26. Rd1 Nf3+ 27. Bxf3 Rxd2 28.
Rxd2 Qa5 29. Rd1 f6 30. Bg4 f5 31. Bf3 Qa6 32. Be2 Qc6 33. f3 Kf7 34. Rd6 Qb7
35. Kf2 Ke7 36. Kg1 Kf7 37. Kf2 Ke7 38. Kg1 Kf7 39. Kf2 Ke7 40. Kg1 Kf7 41. Kf2
1/2-1/2

[Event "OGOLNOPOLSKA OLIMPIADA MLODZIEZY<br/>MISTRZOSTWA POLSKI JUNIOROW 2016 - D14"]
[Site "Olecko"]
[Date "2016-05-08"]
[Round "7.9"]
[White "Hryn, Aleksandra"]
[Black "Skiba, Aleksandra"]
[Result "1/2-1/2"]
[WhiteTitle "I"]
[BlackTitle "I"]
[WhiteElo "1517"]
[BlackElo "1596"]

1. e4 c5 2. Nf3 Nc6 3. Bb5 e6 4. Bxc6 bxc6 5. O-O d5 6. d3 Nf6 7. Nc3 Be7 8. b3
O-O 9. Ba3 Ba6 10. Re1 Nd7 11. Qe2 Re8 12. Na4 Bb5 13. Nc3 d4 14. Nb1 e5 15. c3
a5 16. Bb2 Qc7 17. Nbd2 Ra7 18. c4 Ba6 19. Nf1 Rea8 20. a4 Rb8 21. N1d2 Bc8 22.
Ba3 Nf8 23. h3 Ng6 24. Nh2 Qd6 25. Rab1 Rab7 26. Rb2 Nf4 27. Qf3 Qg6 28. Kh1 Qh5
29. Qxh5 Nxh5 30. Nhf3 f6 31. Reb1 Nf4 32. Ne1 Kf7 33. Kh2 Ne2 34. Rc2 Nf4 35.
Rcb2 Bd7 36. Ndf3 Bd6 37. h4 Bg4 38. Ng1 Be6 39. Ngf3 h6 40. g3 Ng6 41. Kg2 Ne7
42. Nh2 h5 43. Nef3 g6 44. Nd2 g5 45. Ndf3 Kg6 46. hxg5 fxg5 47. Kf1 g4 48. Nh4+
Kg5 49. f3 Bd7 50. Kg2 Be6 51. Kf1 Bd7 1/2-1/2